000 00317nam a22001337a 4500
008 170629b xxu||||| |||| 00| 0 eng d
020 _a9780205139194
041 _aeng
080 _a82
100 _a22
101 _aGJL
245 _aEXPLORING LITERATURE A COLLABORATIVE APPROACH
_cCAIN.K.SH
942 _2udc
_cBK
999 _c19541
_d19541